000
00231nam a2200097Ia 4500
008
220204s9999 xx 000 0 und d
082
_a
55(031)
_b
EAR
245
4
_a
The earth
260
_a
London
_b
Marshall cavendish
_c
1977
942
_c
BK
999
_c
27422
_d
27422